00474 a2200121 4500082001200000100002400012245006400036260008300100300003900183500005700222700001600279856005700295 aBICSE-2 aHaris Naseem Abbasi aDEVELOPING A MALWARE ANALYZER TOOL KITcHaris Naseem Abbasi aIsalamabad,bNUST School of Electrical Engineering & Computer Science,c 2008. a423 p.b: ill.c; 27 cm. +eCD-ROM aSupervisors : Dr. Fauzan Mirza, Dr. Syed Ali Khayam. aArkam Uzair uhttp://10.250.8.41:8080/xmlui/handle/123456789/10311